[Event "DEM U10w 2023"]
[Site "Willingen GER"]
[Date "2023.05.29"]
[Round "4"]
[White "Frydel, Helena"]
[Black "Guruprasad, Aditi"]
[Result "1-0"]
[Termination "normal"]
[Board "8"]
[WhiteElo "1161"]
[BlackElo "893"]
[WhiteClock "00:32:17"]
[BlackClock "00:36:38"]
[PlyCount "85"]
[WhiteFideId "16266536"]
[EventCountry "GER"]
[EventRounds "11"]
[EventType "swiss"]
[EventDate "2023.05.27"]

1. d4 {[%clk 01:15:58]} {[%emt 00:00:02]} d5 {[%clk 01:15:55]} {[%emt
00:00:05]} 2. c4 {[%clk 01:16:18]} {[%emt 00:00:10]} e6 {[%clk 01:16:05]}
{[%emt 00:00:20]} 3. Nc3 {[%clk 01:16:40]} {[%emt 00:00:08]} Bb4 {[%clk
01:13:41]} {[%emt 00:02:53]} 4. Qb3 {[%clk 01:14:32]} {[%emt 00:02:39]} Bxc3+
{[%clk 01:13:02]} {[%emt 00:01:08]} 5. Qxc3 {[%clk 01:10:44]} {[%emt 00:04:18]}
Qf6 {[%clk 01:09:32]} {[%emt 00:03:57]} 6. e3 {[%clk 01:08:56]} {[%emt
00:02:20]} Ne7 {[%clk 01:07:52]} {[%emt 00:02:07]} 7. Bd3 {[%clk 01:07:07]}
{[%emt 00:02:23]} Qg5 {[%clk 01:02:09]} {[%emt 00:06:09]} 8. g3 {[%clk
01:06:03]} {[%emt 00:01:37]} Nec6 {[%clk 00:58:48]} {[%emt 00:03:50]} 9. Ne2
{[%clk 01:03:06]} {[%emt 00:03:29]} dxc4 {[%clk 00:56:05]} {[%emt 00:03:14]}
10. Bxc4 {[%clk 01:02:40]} {[%emt 00:00:55]} O-O {[%clk 00:55:25]} {[%emt
00:01:11]} 11. O-O {[%clk 01:02:42]} {[%emt 00:00:27]} Nd7 {[%clk 00:55:14]}
{[%emt 00:00:41]} 12. e4 {[%clk 00:56:19]} {[%emt 00:06:53]} Qa5 {[%clk
00:54:49]} {[%emt 00:00:52]} 13. Qxa5 {[%clk 00:52:40]} {[%emt 00:04:13]} Nxa5
{[%clk 00:55:09]} {[%emt 00:00:10]} 14. Bd3 {[%clk 00:51:49]} {[%emt 00:01:20]}
e5 {[%clk 00:54:37]} {[%emt 00:01:02]} 15. Bd2 {[%clk 00:50:12]} {[%emt
00:02:07]} Nc6 {[%clk 00:54:12]} {[%emt 00:00:43]} 16. d5 {[%clk 00:49:21]}
{[%emt 00:01:34]} Ne7 {[%clk 00:54:18]} {[%emt 00:00:23]} 17. Rac1 {[%clk
00:47:33]} {[%emt 00:02:18]} c6 {[%clk 00:54:15]} {[%emt 00:00:32]} 18. d6
{[%clk 00:43:03]} {[%emt 00:05:01]} Ng6 {[%clk 00:53:42]} {[%emt 00:00:54]} 19.
Bb4 {[%clk 00:42:47]} {[%emt 00:00:56]} a5 {[%clk 00:53:32]} {[%emt 00:00:38]}
20. Ba3 {[%clk 00:37:45]} {[%emt 00:05:34]} Nf6 {[%clk 00:53:02]} {[%emt
00:00:58]} 21. Rfd1 {[%clk 00:37:20]} {[%emt 00:00:56]} Be6 {[%clk 00:53:08]}
{[%emt 00:00:22]} 22. Nc3 {[%clk 00:36:08]} {[%emt 00:01:45]} b5 {[%clk
00:52:16]} {[%emt 00:01:20]} 23. b4 {[%clk 00:34:04]} {[%emt 00:02:35]} axb4
{[%clk 00:52:31]} {[%emt 00:00:15]} 24. Bxb4 {[%clk 00:34:28]} {[%emt
00:00:06]} Bxa2 {[%clk 00:52:22]} {[%emt 00:00:38]} 25. Nxa2 {[%clk 00:34:46]}
{[%emt 00:00:13]} Rxa2 {[%clk 00:52:34]} {[%emt 00:00:18]} 26. Rxc6 {[%clk
00:34:05]} {[%emt 00:01:11]} Rd8 {[%clk 00:48:55]} {[%emt 00:04:02]} 27. Bxb5
{[%clk 00:29:53]} {[%emt 00:04:49]} Nxe4 {[%clk 00:44:26]} {[%emt 00:04:59]}
28. d7 {[%clk 00:29:37]} {[%emt 00:00:48]} Raa8 {[%clk 00:43:42]} {[%emt
00:01:07]} 29. Rdc1 {[%clk 00:00:00]} {[%emt 00:03:05]} Nf8 {[%clk 00:41:23]}
{[%emt 00:03:29]} 30. Bxf8 {[%clk 00:31:03]} {[%emt 00:00:37]} Rxf8 {[%clk
00:39:43]} {[%emt 00:02:10]} 31. Rc8 {[%clk 00:30:44]} {[%emt 00:00:50]} g6
{[%clk 00:38:19]} {[%emt 00:01:53]} 32. Rxf8+ {[%emt 00:00:15]} Rxf8 {[%clk
00:38:35]} {[%emt 00:00:13]} 33. Rc8 {[%clk 00:31:13]} {[%emt 00:00:17]} Kg7
{[%clk 00:35:42]} {[%emt 00:03:21]} 34. Rxf8 {[%clk 00:31:13]} {[%emt
00:00:32]} Kxf8 {[%clk 00:35:53]} {[%emt 00:00:19]} 35. d8=Q+ {[%clk 00:31:17]}
{[%emt 00:00:27]} Kg7 {[%clk 00:35:57]} {[%emt 00:00:25]} 36. Qd5 {[%clk
00:31:08]} {[%emt 00:00:38]} f5 {[%clk 00:35:20]} {[%emt 00:01:09]} 37. Qxe5+
{[%clk 00:31:19]} {[%emt 00:00:18]} Kh6 {[%clk 00:35:36]} {[%emt 00:00:13]} 38.
Qf4+ {[%clk 00:31:16]} {[%emt 00:00:34]} Kg7 {[%clk 00:35:53]} {[%emt
00:00:14]} 39. Bc6 {[%clk 00:31:29]} {[%emt 00:00:17]} g5 {[%clk 00:35:54]}
{[%emt 00:00:28]} 40. Qxf5 {[%clk 00:31:44]} {[%emt 00:00:15]} Kh6 {[%clk
00:36:12]} {[%emt 00:00:12]} 41. Bxe4 {[%clk 00:31:54]} {[%emt 00:00:19]} g4
{[%clk 00:36:22]} {[%emt 00:00:20]} 42. Qxh7+ {[%clk 00:31:50]} {[%emt
00:00:35]} Kg5 {[%clk 00:36:38]} {[%emt 00:00:13]} 43. Qg6# {[%clk 00:32:17]}
{[%emt 00:00:04]} 1-0

[Event "DEM U10w 2023"]
[Site "Willingen GER"]
[Date "2023.05.29"]
[Round "4"]
[White "Greither, Flora"]
[Black "Lukas, Olivia"]
[Result "0-1"]
[Termination "normal"]
[Board "9"]
[WhiteElo "978"]
[BlackElo "1288"]
[WhiteClock "00:30:02"]
[BlackClock "00:20:24"]
[PlyCount "110"]
[WhiteFideId "533000697"]
[BlackFideId "34632239"]
[EventCountry "GER"]
[EventRounds "11"]
[EventType "swiss"]
[EventDate "2023.05.27"]

1. e4 {[%clk 01:15:59]} {[%emt 00:00:01]} e5 {[%clk 01:15:57]} {[%emt
00:00:04]} 2. Nf3 {[%clk 01:16:24]} {[%emt 00:00:04]} Nc6 {[%clk 01:16:23]}
{[%emt 00:00:04]} 3. Nc3 {[%clk 01:16:47]} {[%emt 00:00:07]} Nf6 {[%clk
01:16:48]} {[%emt 00:00:05]} 4. Bc4 {[%clk 01:17:05]} {[%emt 00:00:12]} Nxe4
{[%clk 01:17:01]} {[%emt 00:00:17]} 5. d3 {[%clk 01:17:00]} {[%emt 00:00:35]}
Nxc3 {[%clk 01:16:49]} {[%emt 00:00:40]} 6. bxc3 {[%clk 01:17:23]} {[%emt
00:00:09]} Bc5 {[%clk 01:16:22]} {[%emt 00:00:57]} 7. d4 {[%clk 01:17:31]}
{[%emt 00:00:21]} exd4 {[%clk 01:15:49]} {[%emt 00:01:03]} 8. cxd4 {[%clk
01:17:48]} {[%emt 00:00:14]} Bb4+ {[%clk 01:15:30]} {[%emt 00:00:49]} 9. Bd2
{[%clk 01:17:55]} {[%emt 00:00:22]} Bxd2+ {[%clk 01:15:47]} {[%emt 00:00:14]}
10. Qxd2 {[%clk 01:18:15]} {[%emt 00:00:11]} d5 {[%clk 01:15:16]} {[%emt
00:01:00]} 11. Bb5 {[%clk 01:18:33]} {[%emt 00:00:12]} O-O {[%clk 01:14:22]}
{[%emt 00:01:24]} 12. O-O {[%clk 01:18:52]} {[%emt 00:00:10]} Bg4 {[%clk
01:13:27]} {[%emt 00:01:26]} 13. Be2 {[%clk 01:19:05]} {[%emt 00:00:17]} Re8
{[%clk 01:10:20]} {[%emt 00:03:37]} 14. Rae1 {[%clk 01:18:20]} {[%emt
00:01:15]} Re4 {[%clk 01:05:07]} {[%emt 00:05:44]} 15. c3 {[%clk 01:17:58]}
{[%emt 00:00:50]} Qe7 {[%clk 01:01:25]} {[%emt 00:04:13]} 16. h3 {[%clk
01:17:46]} {[%emt 00:00:41]} Bh5 {[%clk 00:59:33]} {[%emt 00:02:23]} 17. Ne5
{[%clk 01:15:45]} {[%emt 00:02:31]} Rxe2 {[%clk 00:57:46]} {[%emt 00:02:17]}
18. Rxe2 {[%clk 01:15:18]} {[%emt 00:00:56]} Bxe2 {[%clk 00:57:20]} {[%emt
00:00:56]} 19. Qxe2 {[%clk 01:15:39]} {[%emt 00:00:09]} f6 {[%clk 00:57:25]}
{[%emt 00:00:26]} 20. Qd2 {[%clk 01:15:32]} {[%emt 00:00:36]} fxe5 {[%clk
00:57:28]} {[%emt 00:00:27]} 21. Re1 {[%clk 01:15:45]} {[%emt 00:00:18]} Rd8
{[%clk 00:56:29]} {[%emt 00:01:29]} 22. dxe5 {[%clk 01:15:49]} {[%emt
00:00:25]} Na5 {[%clk 00:55:27]} {[%emt 00:01:33]} 23. c4 {[%clk 01:15:36]}
{[%emt 00:00:43]} Nxc4 {[%clk 00:55:27]} {[%emt 00:00:30]} 24. Qc3 {[%clk
01:15:36]} {[%emt 00:00:30]} Re8 {[%clk 00:50:41]} {[%emt 00:05:16]} 25. f4
{[%clk 01:14:55]} {[%emt 00:01:10]} Qc5+ {[%clk 00:45:21]} {[%emt 00:05:51]}
26. Kh2 {[%clk 01:11:45]} {[%emt 00:03:39]} Qf2 {[%clk 00:41:52]} {[%emt
00:04:00]} 27. Rb1 {[%clk 01:09:25]} {[%emt 00:02:45]} Qxf4+ {[%clk 00:38:00]}
{[%emt 00:04:26]} 28. Kh1 {[%clk 01:06:50]} {[%emt 00:03:05]} b6 {[%clk
00:35:25]} {[%emt 00:03:06]} 29. Re1 {[%clk 01:04:04]} {[%emt 00:03:09]} Rxe5
{[%clk 00:32:01]} {[%emt 00:04:01]} 30. Rg1 {[%clk 01:00:42]} {[%emt 00:03:46]}
c5 {[%emt 00:02:32]} 31. Qd3 {[%clk 00:55:58]} {[%emt 00:04:14]} Qe3 {[%clk
00:26:48]} {[%emt 00:04:46]} 32. Qd1 {[%clk 00:51:50]} {[%emt 00:04:36]} d4
{[%clk 00:22:55]} {[%emt 00:04:26]} 33. Qg4 {[%clk 00:47:36]} {[%emt 00:04:44]}
Na5 {[%clk 00:21:46]} {[%emt 00:01:40]} 34. Qc8+ {[%clk 00:44:54]} {[%emt
00:03:10]} Re8 {[%clk 00:21:17]} {[%emt 00:01:00]} 35. Qa6 {[%clk 00:43:33]}
{[%emt 00:01:43]} Ra8 {[%clk 00:20:28]} {[%emt 00:01:27]} 36. Rd1 {[%clk
00:42:32]} {[%emt 00:01:22]} c4 {[%clk 00:19:56]} {[%emt 00:01:10]} 37. Qb5
{[%clk 00:41:07]} {[%emt 00:01:55]} Rd8 {[%clk 00:19:09]} {[%emt 00:01:18]} 38.
Qa6 {[%clk 00:39:01]} {[%emt 00:02:33]} Qe7 {[%clk 00:19:10]} {[%emt 00:00:33]}
39. Qb5 {[%clk 00:38:14]} {[%emt 00:01:11]} d3 {[%clk 00:19:01]} {[%emt
00:00:44]} 40. Qb2 {[%clk 00:37:09]} {[%emt 00:01:10]} Qe2 {[%clk 00:19:16]}
{[%emt 00:00:40]} 41. Qxe2 {[%clk 00:35:53]} {[%emt 00:01:45]} dxe2 {[%clk
00:19:39]} {[%emt 00:00:08]} 42. Rxd8+ {[%clk 00:36:16]} {[%emt 00:00:07]} Kf7
{[%clk 00:19:44]} {[%emt 00:00:25]} 43. Rd7+ {[%clk 00:36:35]} {[%emt
00:00:10]} Ke6 {[%clk 00:20:05]} {[%emt 00:00:10]} 44. Rd8 {[%clk 00:35:23]}
{[%emt 00:01:42]} Ke7 {[%clk 00:20:04]} {[%emt 00:00:31]} 45. Ra8 {[%clk
00:34:26]} {[%emt 00:01:26]} e1=Q+ {[%clk 00:20:12]} {[%emt 00:00:23]} 46. Kh2
{[%clk 00:34:45]} {[%emt 00:00:11]} c3 {[%clk 00:20:18]} {[%emt 00:00:23]} 47.
Rxa7+ {[%clk 00:34:09]} {[%emt 00:01:07]} Kd6 {[%clk 00:20:31]} {[%emt
00:00:17]} 48. Ra8 {[%clk 00:33:52]} {[%emt 00:00:47]} c2 {[%clk 00:20:38]}
{[%emt 00:00:23]} 49. Rd8+ {[%clk 00:34:00]} {[%emt 00:00:22]} Kc7 {[%clk
00:20:51]} {[%emt 00:00:17]} 50. Rf8 {[%clk 00:33:33]} {[%emt 00:00:56]} Qe5+
{[%clk 00:20:30]} {[%emt 00:00:51]} 51. Kg1 {[%clk 00:32:01]} {[%emt 00:02:02]}
Qc5+ {[%clk 00:20:31]} {[%emt 00:00:29]} 52. Kh2 {[%clk 00:31:48]} {[%emt
00:00:43]} Qxf8 {[%clk 00:20:26]} {[%emt 00:00:34]} 53. Kg1 {[%clk 00:29:46]}
{[%emt 00:02:33]} c1=R+ {[%emt 00:00:27]} 54. Kh2 {[%emt 00:00:18]} Qf4+ {[%clk
00:20:03]} {[%emt 00:00:08]} 55. g3 {[%clk 00:30:02]} {[%emt 00:00:14]} Qf2#
{[%clk 00:20:24]} {[%emt 00:00:08]} 0-1

[Event "DEM U10w 2023"]
[Site "Willingen GER"]
[Date "2023.05.29"]
[Round "4"]
[White "Birkenheier, Larissa"]
[Black "Klymenko, Mariia"]
[Result "1/2-1/2"]
[Termination "normal"]
[Board "11"]
[WhiteElo "1210"]
[BlackElo "1039"]
[WhiteClock "00:17:42"]
[BlackClock "00:36:18"]
[PlyCount "127"]
[WhiteFideId "34626379"]
[BlackFideId "34620621"]
[EventCountry "GER"]
[EventRounds "11"]
[EventType "swiss"]
[EventDate "2023.05.27"]

1. e4 {[%clk 01:15:55]} {[%emt 00:00:04]} e5 {[%clk 01:15:54]} {[%emt
00:00:06]} 2. Nf3 {[%clk 01:16:14]} {[%emt 00:00:11]} Nc6 {[%clk 01:16:17]}
{[%emt 00:00:07]} 3. Bc4 {[%clk 01:16:10]} {[%emt 00:00:35]} d6 {[%clk
01:16:40]} {[%emt 00:00:06]} 4. d3 {[%clk 01:16:04]} {[%emt 00:00:36]} Be7
{[%clk 01:17:00]} {[%emt 00:00:10]} 5. c3 {[%clk 01:15:27]} {[%emt 00:01:07]}
Nf6 {[%clk 01:17:20]} {[%emt 00:00:10]} 6. Be3 {[%clk 01:14:55]} {[%emt
00:01:02]} O-O {[%clk 01:17:18]} {[%emt 00:00:31]} 7. O-O {[%clk 01:14:05]}
{[%emt 00:01:20]} Be6 {[%clk 01:16:57]} {[%emt 00:00:52]} 8. Bb3 {[%clk
01:12:54]} {[%emt 00:01:41]} Re8 {[%clk 01:16:32]} {[%emt 00:00:55]} 9. Nbd2
{[%clk 01:12:04]} {[%emt 00:01:20]} Ng4 {[%clk 01:14:26]} {[%emt 00:02:35]} 10.
Re1 {[%clk 01:09:27]} {[%emt 00:03:08]} d5 {[%clk 01:07:11]} {[%emt 00:07:45]}
11. exd5 {[%clk 01:05:19]} {[%emt 00:04:38]} Bxd5 {[%clk 01:06:27]} {[%emt
00:01:13]} 12. Qc2 {[%clk 00:57:01]} {[%emt 00:08:49]} Nxe3 {[%clk 00:59:27]}
{[%emt 00:07:31]} 13. Rxe3 {[%clk 00:56:01]} {[%emt 00:01:29]} Bxb3 {[%clk
00:58:48]} {[%emt 00:01:09]} 14. Nxb3 {[%clk 00:54:34]} {[%emt 00:01:58]} Bd6
{[%clk 00:54:16]} {[%emt 00:05:00]} 15. Rae1 {[%clk 00:52:08]} {[%emt
00:02:57]} Re6 {[%clk 00:50:59]} {[%emt 00:03:45]} 16. d4 {[%clk 00:48:43]}
{[%emt 00:03:57]} exd4 {[%clk 00:46:53]} {[%emt 00:04:36]} 17. Rxe6 {[%clk
00:46:32]} {[%emt 00:02:42]} fxe6 {[%clk 00:46:38]} {[%emt 00:00:43]} 18. Nbxd4
{[%clk 00:43:49]} {[%emt 00:03:14]} Nxd4 {[%clk 00:46:14]} {[%emt 00:00:54]}
19. cxd4 {[%clk 00:43:44]} {[%emt 00:00:35]} Qf6 {[%clk 00:45:58]} {[%emt
00:00:44]} 20. Qe4 {[%clk 00:41:08]} {[%emt 00:03:08]} Rb8 {[%clk 00:44:11]}
{[%emt 00:02:09]} 21. Qxe6+ {[%clk 00:39:52]} {[%emt 00:01:54]} Qxe6 {[%clk
00:44:33]} {[%emt 00:00:09]} 22. Rxe6 {[%clk 00:40:12]} {[%emt 00:00:10]} Kf7
{[%clk 00:44:05]} {[%emt 00:00:56]} 23. Ng5+ {[%clk 00:39:35]} {[%emt
00:01:08]} Kg8 {[%clk 00:43:57]} {[%emt 00:00:28]} 24. h4 {[%clk 00:37:47]}
{[%emt 00:02:28]} h6 {[%clk 00:43:58]} {[%emt 00:00:29]} 25. Ne4 {[%clk
00:37:36]} {[%emt 00:00:41]} Bf8 {[%clk 00:43:07]} {[%emt 00:01:12]} 26. Nc3
{[%clk 00:34:48]} {[%emt 00:03:28]} Kf7 {[%clk 00:43:06]} {[%emt 00:00:30]} 27.
Re4 {[%clk 00:34:23]} {[%emt 00:00:55]} Re8 {[%clk 00:43:05]} {[%emt 00:00:31]}
28. Rf4+ {[%clk 00:33:33]} {[%emt 00:01:21]} Ke6 {[%clk 00:42:28]} {[%emt
00:01:03]} 29. Nb5 {[%clk 00:32:22]} {[%emt 00:01:45]} Rd8 {[%clk 00:41:30]}
{[%emt 00:01:26]} 30. Nxc7+ {[%emt 00:01:37]} Kd6 {[%clk 00:41:00]} {[%emt
00:00:17]} 31. Nb5+ {[%clk 00:31:44]} {[%emt 00:00:46]} Kc6 {[%clk 00:41:01]}
{[%emt 00:00:23]} 32. Nc3 {[%clk 00:31:02]} {[%emt 00:01:17]} Bd6 {[%clk
00:40:54]} {[%emt 00:00:35]} 33. Rf7 {[%clk 00:30:10]} {[%emt 00:01:24]} Rd7
{[%clk 00:41:10]} {[%emt 00:00:12]} 34. d5+ {[%clk 00:29:59]} {[%emt 00:00:42]}
Kc7 {[%clk 00:41:17]} {[%emt 00:00:13]} 35. Nb5+ {[%clk 00:30:12]} {[%emt
00:00:28]} Kc8 {[%clk 00:41:30]} {[%emt 00:00:13]} 36. Nxa7+ {[%clk 00:30:07]}
{[%emt 00:00:39]} Kd8 {[%clk 00:41:27]} {[%emt 00:00:31]} 37. Rxd7+ {[%clk
00:30:08]} {[%emt 00:00:31]} Kxd7 {[%clk 00:41:49]} {[%emt 00:00:07]} 38. g4
{[%clk 00:29:30]} {[%emt 00:01:09]} Be5 {[%clk 00:41:27]} {[%emt 00:00:46]} 39.
b4 {[%clk 00:28:37]} {[%emt 00:01:30]} Kd6 {[%clk 00:41:42]} {[%emt 00:00:11]}
40. a4 {[%clk 00:25:13]} {[%emt 00:03:58]} Kxd5 {[%clk 00:41:19]} {[%emt
00:00:53]} 41. Kg2 {[%clk 00:23:54]} {[%emt 00:01:49]} Kc4 {[%clk 00:41:38]}
{[%emt 00:00:10]} 42. b5 {[%clk 00:23:38]} {[%emt 00:00:47]} Kb4 {[%clk
00:41:55]} {[%emt 00:00:09]} 43. Kf3 {[%clk 00:23:42]} {[%emt 00:00:29]} Kxa4
{[%clk 00:42:14]} {[%emt 00:00:11]} 44. Ke4 {[%clk 00:23:49]} {[%emt 00:00:23]}
Bb8 {[%clk 00:42:11]} {[%emt 00:00:26]} 45. b6 {[%clk 00:23:17]} {[%emt
00:01:10]} Ka5 {[%clk 00:42:35]} {[%emt 00:00:05]} 46. Nc8 {[%clk 00:23:22]}
{[%emt 00:00:24]} Kb5 {[%clk 00:42:43]} {[%emt 00:00:22]} 47. Kf5 {[%clk
00:22:29]} {[%emt 00:01:24]} Kc6 {[%clk 00:42:53]} {[%emt 00:00:18]} 48. Kg6
{[%clk 00:22:07]} {[%emt 00:00:55]} Be5 {[%clk 00:43:01]} {[%emt 00:00:18]} 49.
Ne7+ {[%clk 00:21:17]} {[%emt 00:01:24]} Kxb6 {[%clk 00:42:31]} {[%emt
00:00:59]} 50. Nf5 {[%clk 00:20:45]} {[%emt 00:01:02]} Kc5 {[%clk 00:42:45]}
{[%emt 00:00:15]} 51. Nxg7 {[%clk 00:20:56]} {[%emt 00:00:20]} b5 {[%clk
00:39:44]} {[%emt 00:03:32]} 52. g5 {[%clk 00:20:38]} {[%emt 00:00:47]} h5
{[%clk 00:39:38]} {[%emt 00:00:35]} 53. Nxh5 {[%clk 00:19:41]} {[%emt
00:01:29]} b4 {[%clk 00:40:00]} {[%emt 00:00:07]} 54. Nf6 {[%clk 00:17:35]}
{[%emt 00:02:36]} Kd4 {[%clk 00:38:02]} {[%emt 00:02:28]} 55. Kf7 {[%clk
00:16:43]} {[%emt 00:01:22]} Bxf6 {[%clk 00:37:29]} {[%emt 00:01:02]} 56. Kxf6
{[%clk 00:16:24]} {[%emt 00:00:50]} b3 {[%clk 00:37:52]} {[%emt 00:00:07]} 57.
g6 {[%clk 00:16:48]} {[%emt 00:00:06]} b2 {[%clk 00:38:18]} {[%emt 00:00:04]}
58. g7 {[%clk 00:17:11]} {[%emt 00:00:07]} b1=Q {[%clk 00:38:40]} {[%emt
00:00:08]} 59. g8=Q {[%emt 00:00:14]} Qb6+ {[%clk 00:38:20]} {[%emt 00:00:44]}
60. Qe6 {[%clk 00:17:37]} {[%emt 00:00:27]} Qd8+ {[%clk 00:38:16]} {[%emt
00:00:18]} 61. Qe7 {[%clk 00:18:03]} {[%emt 00:00:19]} Qh8+ {[%clk 00:38:11]}
{[%emt 00:00:19]} 62. Ke6 {[%clk 00:18:12]} {[%emt 00:00:37]} Qe5+ {[%clk
00:37:47]} {[%emt 00:00:45]} 63. Kd7 {[%clk 00:18:28]} {[%emt 00:00:23]} Qb5+
{[%clk 00:36:18]} {[%emt 00:01:57]} 64. Ke6 {[%clk 00:17:42]} {[%emt 00:01:19]}
1/2-1/2

[Event "DEM U10w 2023"]
[Site "Willingen GER"]
[Date "2023.05.29"]
[Round "4"]
[White "Ruddat, Maila"]
[Black "Kühn, Nicole"]
[Result "0-1"]
[Termination "normal"]
[Board "12"]
[WhiteElo "1024"]
[BlackElo "1048"]
[WhiteClock "00:44:59"]
[BlackClock "01:09:41"]
[PlyCount "84"]
[WhiteFideId "34628100"]
[BlackFideId "34610510"]
[EventCountry "GER"]
[EventRounds "11"]
[EventType "swiss"]
[EventDate "2023.05.27"]

1. e4 {[%clk 01:15:57]} {[%emt 00:00:02]} e5 {[%clk 01:15:25]} {[%emt
00:00:36]} 2. Nf3 {[%clk 01:16:18]} {[%emt 00:00:08]} Nc6 {[%clk 01:14:22]}
{[%emt 00:01:33]} 3. Bc4 {[%clk 01:16:33]} {[%emt 00:00:15]} Nf6 {[%clk
01:13:25]} {[%emt 00:01:27]} 4. d3 {[%clk 01:16:44]} {[%emt 00:00:20]} Be7
{[%clk 01:12:54]} {[%emt 00:01:01]} 5. Nc3 {[%clk 01:16:25]} {[%emt 00:00:48]}
O-O {[%clk 01:11:47]} {[%emt 00:01:37]} 6. Be3 {[%clk 01:14:35]} {[%emt
00:02:20]} d6 {[%clk 01:12:05]} {[%emt 00:00:13]} 7. h3 {[%clk 01:14:37]}
{[%emt 00:00:28]} Be6 {[%clk 01:10:52]} {[%emt 00:01:42]} 8. Bb3 {[%clk
01:14:56]} {[%emt 00:00:10]} Bxb3 {[%clk 01:10:06]} {[%emt 00:01:17]} 9. axb3
{[%clk 01:15:14]} {[%emt 00:00:12]} d5 {[%clk 01:08:58]} {[%emt 00:01:38]} 10.
O-O {[%clk 01:15:12]} {[%emt 00:00:31]} d4 {[%clk 01:09:15]} {[%emt 00:00:13]}
11. Nb5 {[%clk 01:04:41]} {[%emt 00:11:01]} dxe3 {[%clk 01:08:22]} {[%emt
00:01:24]} 12. fxe3 {[%clk 01:04:23]} {[%emt 00:00:47]} a6 {[%clk 01:08:18]}
{[%emt 00:00:35]} 13. Nc3 {[%clk 01:03:09]} {[%emt 00:01:44]} Bc5 {[%clk
01:07:41]} {[%emt 00:01:04]} 14. Nxe5 {[%clk 00:59:18]} {[%emt 00:04:23]} Bxe3+
{[%clk 01:07:50]} {[%emt 00:00:22]} 15. Kh1 {[%clk 00:59:30]} {[%emt 00:00:17]}
Nxe5 {[%clk 01:08:11]} {[%emt 00:00:10]} 16. Qe2 {[%clk 00:58:26]} {[%emt
00:01:33]} Bd4 {[%clk 01:08:09]} {[%emt 00:00:32]} 17. Nd5 {[%clk 00:58:13]}
{[%emt 00:00:44]} Nxd5 {[%clk 01:08:14]} {[%emt 00:00:26]} 18. exd5 {[%clk
00:58:30]} {[%emt 00:00:10]} Qxd5 {[%clk 01:07:59]} {[%emt 00:00:47]} 19. c4
{[%clk 00:57:48]} {[%emt 00:01:11]} Qe6 {[%clk 01:07:57]} {[%emt 00:00:31]} 20.
Ra2 {[%clk 00:55:09]} {[%emt 00:03:10]} Nc6 {[%clk 01:08:11]} {[%emt 00:00:17]}
21. Qh5 {[%clk 00:54:15]} {[%emt 00:01:23]} Nb4 {[%clk 01:08:15]} {[%emt
00:00:26]} 22. Ra5 {[%clk 00:53:20]} {[%emt 00:01:25]} Bxb2 {[%clk 01:08:07]}
{[%emt 00:00:39]} 23. Rg5 {[%clk 00:52:39]} {[%emt 00:01:09]} Bf6 {[%clk
01:07:24]} {[%emt 00:01:15]} 24. Rg4 {[%clk 00:51:41]} {[%emt 00:01:20]} Nxd3
{[%clk 01:05:55]} {[%emt 00:02:07]} 25. Rg3 {[%clk 00:48:28]} {[%emt 00:03:42]}
Ne5 {[%clk 01:06:10]} {[%emt 00:00:17]} 26. b4 {[%clk 00:48:08]} {[%emt
00:00:49]} Ng6 {[%clk 01:06:24]} {[%emt 00:00:16]} 27. c5 {[%clk 00:47:25]}
{[%emt 00:01:12]} a5 {[%clk 01:06:17]} {[%emt 00:00:38]} 28. b5 {[%clk
00:45:57]} {[%emt 00:01:58]} Qc4 {[%clk 01:06:12]} {[%emt 00:00:34]} 29. b6
{[%clk 00:43:46]} {[%emt 00:02:42]} Qxf1+ {[%clk 01:06:17]} {[%emt 00:00:24]}
30. Kh2 {[%clk 00:44:03]} {[%emt 00:00:14]} cxb6 {[%clk 01:06:34]} {[%emt
00:00:13]} 31. cxb6 {[%clk 00:44:06]} {[%emt 00:00:26]} Qe1 {[%clk 01:06:44]}
{[%emt 00:00:18]} 32. h4 {[%clk 00:43:14]} {[%emt 00:01:25]} Be5 {[%clk
01:07:08]} {[%emt 00:00:07]} 33. Qg5 {[%clk 00:43:08]} {[%emt 00:00:35]} Bxg3+
{[%clk 01:07:07]} {[%emt 00:00:32]} 34. Qxg3 {[%clk 00:43:05]} {[%emt
00:00:31]} Qxg3+ {[%clk 01:07:33]} {[%emt 00:00:05]} 35. Kxg3 {[%clk 00:43:25]}
{[%emt 00:00:10]} Nxh4 {[%clk 01:07:58]} {[%emt 00:00:05]} 36. Kxh4 {[%clk
00:43:45]} {[%emt 00:00:09]} Rac8 {[%clk 01:08:16]} {[%emt 00:00:13]} 37. g4
{[%clk 00:44:06]} {[%emt 00:00:09]} Rfd8 {[%clk 01:08:29]} {[%emt 00:00:18]}
38. Kh3 {[%clk 00:43:59]} {[%emt 00:00:36]} g5 {[%clk 01:08:46]} {[%emt
00:00:14]} 39. Kg3 {[%clk 00:44:10]} {[%emt 00:00:17]} Rc3+ {[%clk 01:09:09]}
{[%emt 00:00:08]} 40. Kf2 {[%clk 00:44:28]} {[%emt 00:00:11]} Rd2+ {[%clk
01:09:24]} {[%emt 00:00:15]} 41. Ke1 {[%clk 00:44:40]} {[%emt 00:00:18]} Ra2
{[%clk 01:09:41]} {[%emt 00:00:14]} 42. Kf1 {[%clk 00:44:59]} {[%emt 00:00:10]}
Rc1# {[%emt 00:00:19]} 0-1